000 00918nam a2200265 i 4500
001 bg
100 1 _aSKÓRSKA, Anna
245 1 0 _aMłodzież na rynku pracy w Polsce i Unii Europejskiej /
_cAnna Skórska.
260 _aPoznań :
_bWydaw. Wyższej Szkoły Bankowej,
_c2004.
300 _a154, [2] s. :
_bwykr. ;
_c24 cm.
504 _aBibliogr.
610 2 9 _aUnia Europejska
_xa Polska
_xzatrudnienie
650 9 _aZatrudnienie
_xkraje Unii Europejskiej
650 9 _aZatrudnienie
_zPolska
_yod 1989 r.
650 9 _aMłodzież
_xzatrudnienie
_xkraje Unii Europejskiej
650 9 _aMłodzież
_xzatrudnienie
_zPolska
_yod 1989 r.
020 _a8372053847
040 _cBPK
041 0 _apol
080 _a331.5(4-67:438)-053.6"1989/..."
920 _a83-7205-384-7
942 _cKS
008 s pl f |000 0 pol
999 _c44953
_d44953
856 _uhttp://koha.tu.koszalin.pl/cgi-bin/koha/opac-detail.pl?biblionumber=44953
_yKatalog online BPK